Draft supplemental environmental impact statement for the Keystone XL Project : applicant for presidential permit TransCanada Keystone Pipeline, LP /

Bibliographic Details
Corporate Author: United States. Department of State. Bureau of Oceans and International Environmental and Scientific Affairs (Author)
Other Authors: Walker, Genevieve (project manager.)
Format: Government Document eBook
Language:English
Published: Washington, DC : United States Department of State, Bureau of Oceans and International Environmental, and Scientific Affairs, 2013.
Subjects:
Online Access:https://purl.fdlp.gov/GPO/gpo34613
http://purl.fdlp.gov/GPO/gpo34613

MARC

Tag First Indicator Second Indicator Subfields
LEADER 00000cam a2200000Ii 4500
001 in00003234621
005 20210312123419.0
006 m o d f
007 cr m||||||||||
008 130307s2013 dcuab ob f000 0 eng d
035 |a (OCoLC)ocn829236498 
043 |a n-us---  |a n-cn--- 
040 |a GPO  |b eng  |e rda  |c GPO  |d MvI 
049 |a WWW 
074 |a 0876 (online) 
086 0 |a S 1.2:K 52/V.1-4/DRAFT 
110 1 |a United States.  |b Department of State.  |b Bureau of Oceans and International Environmental and Scientific Affairs,  |e author,  |e issuing body. 
245 1 0 |a Draft supplemental environmental impact statement for the Keystone XL Project :  |b applicant for presidential permit TransCanada Keystone Pipeline, LP /  |c United States Department of State ; Genevieve Walker. 
246 3 0 |a Applicant for presidential permit TransCanada Keystone Pipeline, LP 
246 3 0 |a Keystone XL Project 
246 3 0 |a TransCanada Keystone Pipeline 
264 1 |a Washington, DC :  |b United States Department of State, Bureau of Oceans and International Environmental, and Scientific Affairs,  |c 2013. 
300 |a 1 online resource (4 volumes) :  |b illustrations, maps 
336 |a text  |2 rdacontent 
337 |a computer  |2 rdamedia 
338 |a online resource  |2 rdacarrier 
500 |a Title from title screen (viewed Mar. 7, 2013). 
500 |a "March 2013." 
504 |a Includes bibliographical references. 
650 0 |a Petroleum pipelines  |x Environmental aspects. 
650 0 |a Oil gasification. 
650 0 |a Gas manufacture and works. 
655 7 |a Environmental impact statements.  |2 lcgft 
700 1 |a Walker, Genevieve,  |e project manager. 
856 4 0 |u https://purl.fdlp.gov/GPO/gpo34613  |t 0 
856 4 0 |u http://purl.fdlp.gov/GPO/gpo34613  |t 0 
999 f f |s 5ec2a3fd-895c-3dc4-bb3e-ab9f01cdb814  |i 053bd5ef-cb13-3cef-b0e1-6877d7632502  |t 0 
952 f f |a Texas A&M University  |b College Station  |c Electronic Resources  |d Available Online  |t 0  |e S 1.2:K 52/V.1-4/DRAFT  |h Superintendent of Documents classification 
998 f f |a S 1.2:K 52/V.1-4/DRAFT  |t 0  |l Available Online